000 00819nam a2200193Ia 4500
999 _c54533
_d54533
003 GCL
005 20240530105256.0
008 140319s9999 xx 000 0 ara d
040 _aGCL /
_cGCL
082 0 4 _a212.2/
_bق ع
100 1 _aابن قيم الجوزية: شمس الدين ابو عبدالله محمد بن ابى بكر بن ايوب بن سعد الزراعى
245 1 0 _aعدة الصابرين وذخيرة الشاكرين /
_c شمس الدين ابو عبدالله محمد بن ابى بكر بن ايوب بن سعد الزراعى ابن قيم الجوزية:
260 _aالقاهرة :
_bمكتبة المتنبى.
300 _a280 ص
650 0 4 _aالاسلام
650 0 4 _aالاخلاق الاسلامية
650 0 4 _aالاداب الاسلامية
942 _2ddc
_cBK